Political parties, pressure groups and social movements / (Record no. 5505)
[ view plain ]
| 000 -LEADER | |
|---|---|
| fixed length control field | 03049nam a22003497a 4500 |
| 003 - CONTROL NUMBER IDENTIFIER | |
| control field | OSt |
| 005 - DATE AND TIME OF LATEST TRANSACTION | |
| control field | 20260204164007.0 |
| 007 - PHYSICAL DESCRIPTION FIXED FIELD--GENERAL INFORMATION | |
| fixed length control field | a |
| 008 - FIXED-LENGTH DATA ELEMENTS--GENERAL INFORMATION | |
| fixed length control field | 260129b |||||||| |||| 00| 0 eng d |
| 020 ## - INTERNATIONAL STANDARD BOOK NUMBER | |
| International Standard Book Number | 9789357516754 |
| 040 ## - CATALOGING SOURCE | |
| Original cataloging agency | Foundation University |
| Language of cataloging | eng |
| Transcribing agency | Foundation University |
| Modifying agency | FULib |
| Description conventions | rda |
| 050 ## - LIBRARY OF CONGRESS CALL NUMBER | |
| Classification number | JF 2112.P8 |
| Item number | .2025 M85 |
| 100 ## - MAIN ENTRY--PERSONAL NAME | |
| Personal name | Mukharjee, Sunita, |
| Relator term | author |
| 9 (RLIN) | 14502 |
| 245 00 - TITLE STATEMENT | |
| Title | Political parties, pressure groups and social movements / |
| Statement of responsibility, etc. | Dr. Sunita Mukharjee. |
| 250 ## - EDITION STATEMENT | |
| Edition statement | First edition. |
| 260 ## - PUBLICATION, DISTRIBUTION, ETC. | |
| Place of publication, distribution, etc. | New Delhi : |
| Name of publisher, distributor, etc. | Random Publications LLP, |
| Date of publication, distribution, etc. | 2025. |
| 264 ## - PRODUCTION, PUBLICATION, DISTRIBUTION, MANUFACTURE, AND COPYRIGHT NOTICE | |
| Copyright Date | 2025. |
| 300 ## - PHYSICAL DESCRIPTION | |
| Materials specified | resource |
| Extent | ix, 292 pages |
| Other physical details | ; |
| Dimensions | 23 cm. |
| Type of unit | volume |
| 336 ## - CONTENT TYPE | |
| Source | rdacontent |
| Content type term | text |
| Content type code | txt |
| 337 ## - MEDIA TYPE | |
| Source | rdamedia |
| Media type term | unmediated |
| Media type code | n |
| 338 ## - CARRIER TYPE | |
| Source | rdacarrier |
| Materials specified | resource |
| Carrier type term | volume |
| Carrier type code | nc |
| 504 ## - BIBLIOGRAPHY, ETC. NOTE | |
| Bibliography, etc. note | Includes bibliographical references and index. |
| 505 ## - FORMATTED CONTENTS NOTE | |
| Formatted contents note | 1. The role of political parties -- 2. Political party system -- 3. Functions of pressure groups -- 4. Growth of pressure groups -- 5. Social movements in India -- 6. Social movement -- 7. The systematic role of parties and interest groups -- 8. Legal representation of interests. |
| 520 ## - ABSTRACT, SUMMARY, ETC. | |
| Abstract, Summary, etc. | A political party basically, is a group of people. These people come together to contest elections in order to hold power in the government. It is a way to mobilize voters to support common sets of interests, concerns, and goals. The primary role of the political party is to fix the political agenda and policies. So, each party tries to persuade people by claiming their policies are better than those of other parties. In a broader perspective, a political party is a means via which the people can speak to the government and have a say in the governance of any country. A democracy cannot exist without the presence of a political party. This is clear from the function performed by the political parties. A pressure group is a group of people who are organised actively for promoting and defending their common interest. It is called so, as it attempts to bring a change in public policy by exerting pressure on the government. It acts as a liaison between the government and its members. The pressure groups are also called interest groups or vested groups. They are different from the political parties, as they neither contest elections nor try to capture political power. They are concerned with specific programmes and issues and their activitiesare confined to the protection and promotion of the interests of their members by influencing the government. -- Preface |
| 650 ## - SUBJECT ADDED ENTRY--TOPICAL TERM | |
| Source of heading or term | LC |
| Topical term or geographic name entry element | Political parties. |
| 9 (RLIN) | 14503 |
| 650 ## - SUBJECT ADDED ENTRY--TOPICAL TERM | |
| Source of heading or term | LC |
| Topical term or geographic name entry element | Pressure groups. |
| 9 (RLIN) | 14504 |
| 650 ## - SUBJECT ADDED ENTRY--TOPICAL TERM | |
| Source of heading or term | LC |
| Topical term or geographic name entry element | Social movements. |
| 9 (RLIN) | 14505 |
| 650 ## - SUBJECT ADDED ENTRY--TOPICAL TERM | |
| Source of heading or term | LC |
| Topical term or geographic name entry element | Political science. |
| 9 (RLIN) | 6468 |
| 658 ## - INDEX TERM--CURRICULUM OBJECTIVE | |
| Main curriculum objective | Political Science, Master of Arts in : |
| Subordinate curriculum objective | Political Parties, Elections and Interest Groups ; |
| Curriculum code | POL335 |
| 856 ## - ELECTRONIC LOCATION AND ACCESS | |
| Uniform Resource Identifier | <a href="https://drive.google.com/file/d/1oMkcgkeQPOURrfRNOYcNCIkbCeONNSzM/view?usp=sharing">https://drive.google.com/file/d/1oMkcgkeQPOURrfRNOYcNCIkbCeONNSzM/view?usp=sharing</a> |
| Link text | Click here to view the table of content |
| 942 ## - ADDED ENTRY ELEMENTS (KOHA) | |
| Source of classification or shelving scheme | Library of Congress Classification |
| Koha item type | Books |
| Edition | First edition. |
| Classification part | JF 2112.P8 |
| Item part | .2025 M85 |
| Call number prefix | (CAS-PS) |
| Suppress in OPAC | No |
| Uniform Resource Identifier | Withdrawn status | Lost status | Source of classification or shelving scheme | Damaged status | Not for loan | Collection code | Home library | Current library | Shelving location | Date acquired | Source of acquisition | Total Checkouts | Full call number | Barcode | Date last seen | Price effective from | Koha item type | Accession Number |
|---|---|---|---|---|---|---|---|---|---|---|---|---|---|---|---|---|---|---|
| https://drive.google.com/file/d/1oMkcgkeQPOURrfRNOYcNCIkbCeONNSzM/view?usp=sharing | Library of Congress Classification | Non-fiction | Foundation University Library | Foundation University Library | CoArts & Sciences | 01/29/2026 | QT | (CAS-PS) JF 2112.P8 .2025 M85 | 0072026015013 | 01/29/2026 | 01/29/2026 | Books | CAS-PS-2026013 |
